LEADER 00707nam a2200169 i 4500 001 000000029209 003 CaOOAMICUS 005 20180830125448.0 008 180830s1922 it u000 u ita u 040 $aSeMil$bita 245 13$aLa Sacra Bibbia :$btradotta dai testi originali con note /$cper cura del Pontificio Istituto Biblico di Roma. 260 $aMilano :$bVita e Pensiero,$c1922. 300 $av. ;$c22 cm. 710 2 $aPontificio Istituto Biblico .$0(OLS)http://semarc/name/757 774 0 $tPentateuco.$gVol.1$w()225329 996 $6245$aLa Sacra Bibbia :$btradotta dai testi originali con note$9(OLS)http://semarc/title/39672 996 $6260$aMilano :$bVita e Pensiero$9(OLS)http://semarc/publisher/29642 LEADER 01090nas a2200229 i 4500 001 000000251289 003 CaOOAMICUS 005 20191021142339.0 008 161019t2016 it ar p yy u0 a0ita r 013 $a230194 040 $aSeMil$bita 245 10$aAnnuario Accademico 2016-2017. 260 $aVenegono Inferiore (VA) :$bSeminario Arcivescovile di Milano,$c[2016]$e(Milano :$fĀncora) 300 $a197 p. ;$c21 cm. 500 $aIn mezzo al front. : Seminario Arcivescovile di Milano, Sezione della Facoltā Teologica dell'Italia Settentrionale. 773 0 $tAnnuario Accademico [del] Seminario Arcivescovile di Milano.$dVenegono Inferiore (VA) : Seminario Arcivescovile, 1955-     .$w()1863 850 $aSeMil 852 $aSeMil$W1$xVenegono$y1$m250 2 61$j216997$B201635$CSeMilBibl$Z2$F0 $85 961 $aOmaggio: Seminario Arcivescovile di Milano 996 $6245$aAnnuario Accademico 2016-2017$9(OLS)http://semarc/title/353439 996 $6260$aVenegono Inferiore (VA) :$bSeminario Arcivescovile di Milano$9(OLS)http://semarc/publisher/30430